| 000 | 00354 a2200097 4500 | ||
|---|---|---|---|
| 245 | 0 | 0 |
_aMikrofalowe przyrządy pomiarowe - Mierniki mocy Ogólne wymagania i badania PN-72/T-06564 / _cMin. Przem. Maszynowego. |
| 246 | 1 | 3 | _aPN-72/T-06564 |
| 246 | 1 | 3 | _a621.317.3:621.317.78 |
| 260 |
_aWarszawa : _bMin. Przem. Maszynowego, _c1972. |
||
| 300 |
_a3 stron ; _c30 cm. |
||
| 650 | _aPolska norma | ||
| 999 |
_c20052 _d20052 |
||